Los Angeles FC Squad 2025 - Statistics

General Stats
  • This quiz has been taken 4 times
    3 since last reset
  • The average score is 6 of 30
Answer Stats
# Position Nation Player % Correct
99 FW Gabon Denis Bouanga
100%
1 GK France Hugo Lloris
100%
9 FW France Olivier Giroud
100%
30 FW Venezuela David Martínez
67%
18 GK Mexico David Ochoa
33%
4 DF Colombia Eddie Segura
33%
27 FW El Salvador Nathan Ordaz
33%
91 DF United States Nkosi Tafari
33%
24 DF United States Ryan Hollingshead
33%
12 GK Canada Thomas Hasal
33%
11 MF United States Timothy Tillman
33%
33 DF United States Aaron Long
0%
43 MF United States Adam Saldaña
0%
77 FW United States Adrian Wibowo
0%
29 DF Ukraine Artem Smolyakov
0%
22 FW Turkey Cengiz Ünder
0%
23 MF United States Frankie Amaya
0%
6 MF Brazil Igor Jesus
0%
17 FW United States Jeremy Ebobisse
0%
56 MF United States Jude Terry
0%
45 DF United States Kenny Nielsen
0%
15 DF Italy Lorenzo Dellavalle
0%
8 MF United States Mark Delgado
0%
5 DF Brazil Marlon
0%
25 DF Luxembourg Maxime Chanot
0%
80 MF Norway Odin Thiago Holm
0%
21 MF Canada Ryan Raposo
0%
14 DF Spain Sergi Palencia
0%
- Coach United States Steven Cherundolo
0%
20 FW Ghana Yaw Yeboah
0%
No matching quizzes found
Score Distribution
Percent of People with Each Score
Percentile by Number Answered
Your Score History
You have not taken this quiz since the last reset